| 000 | 03091nac a22002531u 4500 | ||
|---|---|---|---|
| 008 | 110508s2008 nyu|||||r|||| 001 0 eng d | ||
| 010 | _a 2007033609 | ||
| 020 | _a0199296081 | ||
| 020 | _a9780199296088 | ||
| 082 | 0 | 0 |
_a320.91724 _bPOL |
| 100 |
_a20080729 _923680 |
||
| 245 | 0 | 0 |
_aPolitics in the Developing World / _cEdited by Peter Burnell and Vicky Randall. |
| 250 | _a2nd ed. | ||
| 260 |
_aOxford ; _aNew York : _bOxford University Press,2008 _cc2008. |
||
| 300 |
_a552 p. ; _c23 cm. |
||
| 504 | _aIncludes bibliographical references (p.529-541) and index | ||
| 505 | 0 | _aApproaches and global context 13 -- Analytical approaches to the study of politics in the developing world 15 / Vicky Randall -- Colonialism and post-colonial development 35 / James Chiriyankandath -- The developing world in the global economy 53 / Stephen Hobden -- The developing world in international politics 71 / Stephen Hobden -- Society and state 89 -- Inequality 91 / Jenny Pearce -- Ethnopolitics and nationalism 111 / James R. Scarritt -- Religion 129 / Jeff Haynes -- Women and gender 148 / Kathleen Staudt -- Civil society 166 / Marina Ottaway -- "People power" and "alternative" politics 186 / Kurt Schock -- State and society 209 -- Theorizing the state 211 / Adrian Leftwich -- State-building 230 / Brian Smith -- State collapse, civil conflict, and external intervention 249 / Martin Doornbos -- Democratization 268 / Peter burnell -- Governance and conditionality in a globalizing world 291 -- Peter Burnell -- Policy issues 313 -- Development 315 / Tony Addison -- Environment 333 / Peter Newell -- Human rights 353 / Michael Freeman -- Security 373 / Nicole Jackson -- Case studies: experiences compared 395 -- Disintegration or nation-building? 399 -- (a) Indonesia : copying with fragmentation 399 / Edward Aspinall -- (b) South Africa : from divided society to new nation 413 / Robert A. Schrire -- Civil society : active or passive? 427 -- (a) India : associational life and its discontents 427 / Rob Jenkins -- (b) Saudi Arabia : between tradition and modernity 440 / David Pool, Peter Burnell and Vicky Randall -- Military in politics versus democratic advance 452 -- (a) Pakistan : the military as a political fixture 452 / David Taylor -- (b) Nigeria : building political stability with democracy 463 / Stephen Wright -- (c) Mexico : democratic transition and beyond 473 / Andreas Schedler -- Underdevelopment and development 486 -- (a) Guatemala : enduring underdevelopment 486 / Rachel Sieder -- (b) South Korea : from development to new challenges 498 / Peter Ferdinand -- Appendix 1. Case study countries : basic indicators 511 -- Appendix 2. Case study countries : globalization rankings and scores, 2001 513. | |
| 651 | 0 |
_aDeveloping countries _xPolitics and government. _923681 |
|
| 653 |
_bPol _cApril2011 |
||
| 700 | 1 |
_aBurnell, Peter J. _923682 |
|
| 700 | 1 |
_aRandall, Vicky. _923683 |
|
| 942 |
_cBB _k320.91724 POL _2ddc |
||
| 999 |
_c8782 _d8782 |
||